| 000 | 00540nam a2200133Ia 4500 | ||
|---|---|---|---|
| 008 | 160216s9999 xx 000 0 und d | ||
| 100 | _aBrigitta Hauser-Schäublin | ||
| 245 | _aWorld heritage: Angkor and beyond ; circumstances and implications of UNESCO, listings in Cambodia (Göttingen Studies in Cultural Property, Volume 2) / | ||
| 245 | _cBrigitta Hauser-Schäublin. | ||
| 260 | _bUniversitätsverlag Göttingen. | ||
| 260 | _c2011 | ||
| 650 | _xWorld heritage. | ||
| 856 | _uhttp://unesdoc.unesco.org/images/0021/002166/216667e.pdf | ||
| 999 |
_c290639 _d290639 |
||